00737nam a2200205 a 450000100100000000500170001000800410002704000250006808200210009310000360011424500540015026000370020430000270024159000260026865000280029465000310032291000420035395201190039599900170051400001219920240412074230.0091106s1999 dr a r 001 p spa d aDO-SdBNPbspacBNPHU aRD861.44bR696re1 aRodríguez, Leonardo O.92882610aRealidades y sueños /cLeonardo O. Rodríguez. a[Santo Domingo :bs.n.,c1999?]. a73 p. :bil. ;c22 cm. aInventariado, 2018/BT 0aPoesía dominicana966 0aLiteratura dominicana.967 aValidado. Control de calidad. MMOLINA 0010718PDaPDbPDcHDd2009-11-06iLF1l0oRD861.44 R696rep12199-10r2020-06-25w2020-06-25yLFPDZNo se presta c11864d11864